Giáo trình đất

محفوظ في:
التفاصيل البيبلوغرافية
المؤلف الرئيسي: Nguyễn Thế Đặng
التنسيق: كتاب
اللغة:Undetermined
منشور في: Hà Nội Nông Nghiệp 1999
الموضوعات:
الوسوم: إضافة وسم
لا توجد وسوم, كن أول من يضع وسما على هذه التسجيلة!
Thư viện lưu trữ: Trung tâm Học liệu Trường Đại học Cần Thơ
LEADER 00522nam a2200181Ia 4500
001 CTU_39025
008 210402s9999 xx 000 0 und d
082 |a 631.4 
082 |b Đ116 
100 |a Nguyễn Thế Đặng 
245 0 |a Giáo trình đất 
245 0 |c Nguyễn Thế Đặng, Nguyễn Thế Hùng 
260 |a Hà Nội 
260 |b Nông Nghiệp 
260 |c 1999 
650 |a soils 
904 |i Liên, 000802 
980 |a Trung tâm Học liệu Trường Đại học Cần Thơ